[Event "17. Obert Int. Sant Marti 2015 - B"]
[Site "Barcelona ESP"]
[Date "2015.07.17"]
[Round "5.24"]
[White "Caro Martinez, Ramon"]
[Black "Escofet Llongueras, Joan"]
[Result "0-1"]
[WhiteElo "1969"]
[BlackElo "1921"]
[PlyCount "62"]
[EventDate "2015.07.13"]
[EventType "swiss"]
[EventRounds "9"]
[EventCountry "ESP"]
[SourceTitle "Ajedrez en Madrid"]
[Source "lmi"]
[SourceDate "2015.07.13"]
[SourceVersion "1"]
[SourceVersionDate "2019.06.21"]
[SourceQuality "1"]

1. d4 Nf6 2. Nf3 g6 3. Bg5 Bg7 4. Qd2 Ne4 5. Qf4 Nxg5 6. Nxg5 O-O 7. Nf3 c5 8.
Qd2 Qb6 9. c3 d5 10. e3 Nc6 11. dxc5 Qxc5 12. Be2 e5 13. b4 Qd6 14. Na3 Rd8 15.
Rd1 Qe7 16. O-O Be6 17. Qc1 a6 18. Nb1 Rac8 19. a3 d4 20. exd4 e4 21. Ne1 Nxd4
22. Qe3 Nxe2+ 23. Qxe2 Bc4 24. Rxd8+ Qxd8 25. Qxe4 Bxf1 26. Kxf1 Qd1 27. Qd3
Rd8 28. Qe4 Kf8 29. b5 a5 30. Qh4 Re8 31. f3 Qxb1 0-1

[Event "17. Obert Int. Sant Marti 2015 - B"]
[Site "Barcelona ESP"]
[Date "2015.07.17"]
[Round "5.25"]
[White "Ferre Navarro, Joan"]
[Black "Brunet Gil, Pol"]
[Result "1/2-1/2"]
[WhiteElo "1912"]
[BlackElo "1967"]
[PlyCount "61"]
[EventDate "2015.07.13"]
[EventType "swiss"]
[EventRounds "9"]
[EventCountry "ESP"]
[SourceTitle "Ajedrez en Madrid"]
[Source "lmi"]
[SourceDate "2015.07.13"]
[SourceVersion "1"]
[SourceVersionDate "2019.06.21"]
[SourceQuality "1"]

1. d4 d5 2. Nf3 Nf6 3. e3 c6 4. Bd3 e6 5. Nbd2 Nbd7 6. O-O Be7 7. Re1 O-O 8. e4
dxe4 9. Nxe4 Nxe4 10. Bxe4 Nf6 11. Bd3 Qc7 12. Ne5 Rd8 13. c3 b6 14. Qf3 Bb7
15. Qh3 g6 16. Bg5 Rac8 17. Qh4 Kg7 18. Re3 Ng8 19. Bxe7 Qxe7 20. Qf4 Qf6 21.
Qg3 Ne7 22. Ng4 Qg5 23. Re5 Nf5 24. Qh3 Rd5 25. Re2 c5 26. Be4 Rd7 27. Bxb7
Rxb7 28. dxc5 Rxc5 29. Rd1 Rd7 30. Ree1 Rcd5 31. Qf3 1/2-1/2

[Event "17. Obert Int. Sant Marti 2015 - B"]
[Site "Barcelona ESP"]
[Date "2015.07.17"]
[Round "5.27"]
[White "Gonzalez Jurado, Jesus"]
[Black "Gonzalez Martin, Fernando"]
[Result "0-1"]
[WhiteElo "1966"]
[BlackElo "1921"]
[PlyCount "94"]
[EventDate "2015.07.13"]
[EventType "swiss"]
[EventRounds "9"]
[EventCountry "ESP"]
[SourceTitle "Ajedrez en Madrid"]
[Source "lmi"]
[SourceDate "2015.07.13"]
[SourceVersion "1"]
[SourceVersionDate "2019.06.21"]
[SourceQuality "1"]

1. c4 Nf6 2. Nc3 c5 3. g3 Nc6 4. Bg2 b6 5. e4 Bb7 6. d3 e6 7. Nge2 Be7 8. O-O
O-O 9. f4 Ne8 10. Be3 f5 11. d4 cxd4 12. Nxd4 Nxd4 13. Bxd4 Qc7 14. Qe2 Rc8 15.
b3 Bc5 16. Bxc5 Qxc5+ 17. Qf2 Qxf2+ 18. Rxf2 a6 19. exf5 Bxg2 20. Kxg2 Rxf5 21.
Ne4 h6 22. Rd1 d5 23. g4 dxe4 24. gxf5 exf5 25. Rd5 g6 26. Rfd2 Rc7 27. Rd7 Rc6
28. Kf2 Re6 29. Ke3 Nf6 30. Rd8+ Kf7 31. h3 g5 32. R2d6 Nh5 33. fxg5 hxg5 34.
Rxe6 Kxe6 35. Rh8 Nf6 36. Rb8 Ke5 37. Rxb6 f4+ 38. Kf2 Nd7 39. Rxa6 Nc5 40. Ra5
Kd4 41. Rxc5 Kxc5 42. Ke2 Kd4 43. a4 f3+ 44. Ke1 Kd3 45. c5 e3 46. c6 f2+ 47.
Kf1 Kd2 0-1

[Event "17. Obert Int. Sant Marti 2015 - B"]
[Site "Barcelona ESP"]
[Date "2015.07.17"]
[Round "5.28"]
[White "Canela Gimenez, M|_ Concepción"]
[Black "Bernat Pascual, Magí"]
[Result "1/2-1/2"]
[WhiteElo "1959"]
[BlackElo "1850"]
[PlyCount "53"]
[EventDate "2015.07.13"]
[EventType "swiss"]
[EventRounds "9"]
[EventCountry "ESP"]
[SourceTitle "Ajedrez en Madrid"]
[Source "lmi"]
[SourceDate "2015.07.13"]
[SourceVersion "1"]
[SourceVersionDate "2019.06.21"]
[SourceQuality "1"]

1. e4 c6 2. Nc3 d5 3. Nf3 Bg4 4. Be2 Bxf3 5. Bxf3 d4 6. Ne2 e5 7. c3 c5 8. O-O
Nf6 9. cxd4 cxd4 10. d3 Be7 11. g3 O-O 12. Bg2 Nc6 13. f4 Qd7 14. h3 Rac8 15.
Bd2 Rc7 16. Rc1 Rfc8 17. Qb3 h6 18. Kh2 Bd6 19. f5 Qe7 20. a3 Qd7 21. g4 Nh7
22. Ng3 Kh8 23. Nh5 f6 24. h4 Qf7 25. Qd1 Be7 26. Rc2 Qb3 27. Bc1 1/2-1/2

[Event "17. Obert Int. Sant Marti 2015 - B"]
[Site "Barcelona ESP"]
[Date "2015.07.17"]
[Round "5.29"]
[White "Carrey Abellan, Enric"]
[Black "Torralba Brosa, Marc"]
[Result "1-0"]
[WhiteElo "2022"]
[BlackElo "1900"]
[PlyCount "57"]
[EventDate "2015.07.13"]
[EventType "swiss"]
[EventRounds "9"]
[EventCountry "ESP"]
[SourceTitle "Ajedrez en Madrid"]
[Source "lmi"]
[SourceDate "2015.07.13"]
[SourceVersion "1"]
[SourceVersionDate "2019.06.21"]
[SourceQuality "1"]

1. d4 Nf6 2. c4 g6 3. Nc3 d5 4. Nf3 Bg7 5. Bg5 Ne4 6. e3 Nxc3 7. bxc3 c5 8. Qb3
dxc4 9. Bxc4 O-O 10. O-O Nc6 11. Be2 cxd4 12. cxd4 a6 13. Rac1 Na5 14. Qc3 Re8
15. Bf4 Nc6 16. Rfd1 Bf5 17. Qb3 Na5 18. Qb4 Qd5 19. Rc5 Qxa2 20. Rxa5 Qxe2 21.
Rd2 Bd3 22. Rxe2 Bxe2 23. Rc5 Rad8 24. h3 e5 25. Nxe5 g5 26. Bg3 h5 27. h4 b5
28. Rc7 gxh4 29. Qb3 1-0

[Event "17. Obert Int. Sant Marti 2015 - B"]
[Site "Barcelona ESP"]
[Date "2015.07.17"]
[Round "5.30"]
[White "Mañosas Vila, Ester"]
[Black "Corominas Garrido, Jordi"]
[Result "1/2-1/2"]
[WhiteElo "1895"]
[BlackElo "2017"]
[PlyCount "112"]
[EventDate "2015.07.13"]
[EventType "swiss"]
[EventRounds "9"]
[EventCountry "ESP"]
[SourceTitle "Ajedrez en Madrid"]
[Source "lmi"]
[SourceDate "2015.07.13"]
[SourceVersion "1"]
[SourceVersionDate "2019.06.21"]
[SourceQuality "1"]

1. e4 e6 2. d4 d5 3. exd5 exd5 4. Nf3 Nf6 5. c4 Bb4+ 6. Nc3 O-O 7. Bg5 Qe8+ 8.
Be2 Ne4 9. Qb3 Nc6 10. Be3 Bxc3+ 11. bxc3 Na5 12. Qb4 Nxc4 13. Bxc4 dxc4 14.
Qxc4 c6 15. O-O Be6 16. Qd3 Nd6 17. Rfe1 Bf5 18. Qe2 f6 19. Qb2 Qd7 20. h3 Rfe8
21. Rac1 b5 22. Nd2 Be6 23. a3 a5 24. Qc2 Qf7 25. Bf4 Bf5 26. Qb3 Qxb3 27. Nxb3
Nc4 28. Rxe8+ Rxe8 29. Nd2 Nxd2 30. Bxd2 Re2 31. Bf4 Kf7 32. Bc7 a4 33. Bd6 Ke6
34. Bb4 Kd5 35. Rd1 Bc2 36. Rc1 Kc4 37. Kf1 Bd3 38. Kg1 Ra2 39. Re1 Kb3 40. Re6
Rxa3 41. Bxa3 Kxa3 42. Rxc6 Kb3 43. d5 Be4 44. Rb6 Kc4 45. d6 Bf5 46. Rb7 a3
47. Ra7 Kb3 48. g4 Be6 49. d7 Bxd7 50. Rxd7 a2 51. Ra7 Kb2 52. c4 b4 53. c5
a1=Q+ 54. Rxa1 Kxa1 55. c6 b3 56. c7 b2 1/2-1/2

[Event "17. Obert Int. Sant Marti 2015 - B"]
[Site "Barcelona ESP"]
[Date "2015.07.17"]
[Round "5.31"]
[White "Martinez Talavera, Jordi"]
[Black "Romero Funieles, Rafael De Jesus"]
[Result "1-0"]
[WhiteElo "2008"]
[BlackElo "1893"]
[PlyCount "49"]
[EventDate "2015.07.13"]
[EventType "swiss"]
[EventRounds "9"]
[EventCountry "ESP"]
[SourceTitle "Ajedrez en Madrid"]
[Source "lmi"]
[SourceDate "2015.07.13"]
[SourceVersion "1"]
[SourceVersionDate "2019.06.21"]
[SourceQuality "1"]

1. d4 e6 2. Nf3 Be7 3. Bf4 h6 4. e3 Nf6 5. h3 c6 6. Nbd2 d6 7. Bd3 Nbd7 8. a4
a6 9. c3 Qc7 10. e4 e5 11. Bh2 d5 12. dxe5 Nc5 13. exf6 Nxd3+ 14. Kf1 Qb6 15.
Qe2 Bc5 16. exd5+ Kd8 17. fxg7 Re8 18. Qxd3 Bd7 19. dxc6 bxc6 20. Ne5 Qb7 21.
b4 Be7 22. Ne4 Kc8 23. Nxf7 Qa7 24. Nfd6+ Bxd6 25. Nxd6+ 1-0

[Event "17. Obert Int. Sant Marti 2015 - B"]
[Site "Barcelona ESP"]
[Date "2015.07.17"]
[Round "5.32"]
[White "Ramos Alvarez, Maximo"]
[Black "Villa Cardenas, Jorge"]
[Result "1-0"]
[WhiteElo "2002"]
[BlackElo "1892"]
[PlyCount "103"]
[EventDate "2015.07.13"]
[EventType "swiss"]
[EventRounds "9"]
[EventCountry "ESP"]
[SourceTitle "Ajedrez en Madrid"]
[Source "lmi"]
[SourceDate "2015.07.13"]
[SourceVersion "1"]
[SourceVersionDate "2019.06.21"]
[SourceQuality "1"]

1. e4 e5 2. Nf3 Nc6 3. d4 exd4 4. Bc4 Be7 5. Nxd4 Ne5 6. Bb3 Nf6 7. O-O O-O 8.
Re1 d6 9. c3 Re8 10. Nd2 Nd3 11. Re3 Nxc1 12. Rxc1 Bg4 13. f3 Bh5 14. Nf5 Bf8
15. Nf1 g6 16. Nd4 Bh6 17. g4 Bxe3+ 18. Nxe3 Bxg4 19. Nxg4 Nxg4 20. fxg4 Rxe4
21. Bxf7+ Kh8 22. Bd5 Re5 23. Nf3 Re7 24. Qd4+ Rg7 25. Bxb7 c5 26. Qd5 Rb8 27.
Bc6 Qf6 28. Re1 Re7 29. Rxe7 Qxe7 30. Qd2 Rf8 31. Bd5 Qf6 32. Kg2 Re8 33. b4
cxb4 34. cxb4 Rc8 35. Nd4 Rf8 36. Bc4 Qh4 37. h3 Qf6 38. a4 d5 39. Bb5 Qe5 40.
Nf3 Qe4 41. Be2 Re8 42. Kf2 Rf8 43. b5 Rc8 44. a5 Rc2 45. Qd4+ Kg8 46. Qxe4
dxe4 47. Ng5 Rc3 48. Nxe4 Rxh3 49. b6 axb6 50. axb6 Kf8 51. Ng3 h5 52. b7 1-0

[Event "17. Obert Int. Sant Marti 2015 - B"]
[Site "Barcelona ESP"]
[Date "2015.07.17"]
[Round "5.33"]
[White "Perez Cuadrado, Eduardo"]
[Black "Varela Cuadrado, Cesar"]
[Result "1-0"]
[WhiteElo "1960"]
[BlackElo "1876"]
[PlyCount "73"]
[EventDate "2015.07.13"]
[EventType "swiss"]
[EventRounds "9"]
[EventCountry "ESP"]
[SourceTitle "Ajedrez en Madrid"]
[Source "lmi"]
[SourceDate "2015.07.13"]
[SourceVersion "1"]
[SourceVersionDate "2019.06.21"]
[SourceQuality "1"]

1. e4 c5 2. Nf3 d6 3. c3 e5 4. d4 cxd4 5. cxd4 exd4 6. Nxd4 Nf6 7. Nc3 Be7 8.
Bf4 O-O 9. Bd3 Qb6 10. Nb3 Bg4 11. Qd2 a6 12. O-O Nc6 13. Be3 Qc7 14. Rac1 b5
15. Nd5 Qb7 16. Rxc6 Nxd5 17. exd5 f5 18. Rfc1 Qd7 19. Bg5 Qd8 20. Bxe7 Qxe7
21. Rc7 Qf6 22. Qc3 Qg6 23. Re1 Bf3 24. Bf1 Bxd5 25. Ree7 Rf7 26. Qd4 Kf8 27.
Qxd5 Rxe7 28. Qxa8+ Re8 29. Rc8 Rxc8 30. Qxc8+ Ke7 31. Qxa6 f4 32. Qxb5 h5 33.
h4 Qb1 34. a4 Qe4 35. a5 f3 36. a6 fxg2 37. Qb7+ 1-0

[Event "17. Obert Int. Sant Marti 2015 - B"]
[Site "Barcelona ESP"]
[Date "2015.07.17"]
[Round "5.34"]
[White "Hinarejos Montano, Andres"]
[Black "Gonzalez Moreno, Antoni"]
[Result "1/2-1/2"]
[WhiteElo "1854"]
[BlackElo "1945"]
[PlyCount "118"]
[EventDate "2015.07.13"]
[EventType "swiss"]
[EventRounds "9"]
[EventCountry "ESP"]
[SourceTitle "Ajedrez en Madrid"]
[Source "lmi"]
[SourceDate "2015.07.13"]
[SourceVersion "1"]
[SourceVersionDate "2019.06.21"]
[SourceQuality "1"]

1. d4 d5 2. Nf3 Nf6 3. e3 Bg4 4. Be2 e6 5. O-O Bd6 6. h3 Bh5 7. c4 c6 8. c5 Bc7
9. Nbd2 Nbd7 10. a3 O-O 11. b4 a6 12. Bd3 e5 13. Be2 Qe7 14. dxe5 Nxe5 15. Bb2
Rad8 16. Bd4 Nxf3+ 17. Bxf3 Bg6 18. Re1 Rfe8 19. Nf1 Ne4 20. Bxe4 Bxe4 21. Qg4
Be5 22. Bxe5 Qxe5 23. Ng3 Bg6 24. h4 h5 25. Qf3 Re6 26. Nf1 Be4 27. Qh3 Rg6 28.
Ng3 Re8 29. Nxe4 Qxe4 30. Kh2 Qe7 31. g3 Qf6 32. Qg2 Qe5 33. Kg1 Ree6 34. Rad1
Rg4 35. Kh1 Reg6 36. Qh3 Qf5 37. Rf1 Qf3+ 38. Kh2 Re6 39. Qg2 Qf6 40. f3 Rc4
41. Qd2 Qe5 42. e4 dxe4 43. f4 Qf6 44. Qe2 Rd4 45. Qxh5 e3 46. Rfe1 Qd8 47. Qf3
Rxd1 48. Rxd1 Qf6 49. Qe2 Re4 50. Rd3 Qe7 51. Rc3 g6 52. Rd3 Qe6 53. Kg2 Qc4
54. Kf3 Re8 55. Rxe3 Rxe3+ 56. Qxe3 Qf1+ 57. Qf2 Qd1+ 58. Qe2 Qb3+ 59. Qe3 Qd5+
1/2-1/2

[Event "17. Obert Int. Sant Marti 2015 - B"]
[Site "Barcelona ESP"]
[Date "2015.07.17"]
[Round "5.35"]
[White "Muñoz Jordan, Carlos"]
[Black "Llige Porta, Joan"]
[Result "0-1"]
[WhiteElo "1889"]
[BlackElo "1959"]
[PlyCount "68"]
[EventDate "2015.07.13"]
[EventType "swiss"]
[EventRounds "9"]
[EventCountry "ESP"]
[SourceTitle "Ajedrez en Madrid"]
[Source "lmi"]
[SourceDate "2015.07.13"]
[SourceVersion "1"]
[SourceVersionDate "2019.06.21"]
[SourceQuality "1"]

1. e4 c5 2. Nf3 Nc6 3. d4 cxd4 4. Nxd4 g6 5. Nc3 Nf6 6. Be3 Bg7 7. f3 O-O 8.
Bc4 Na5 9. Bd3 d5 10. exd5 Nxd5 11. Nxd5 Qxd5 12. Be4 Qe5 13. O-O Rd8 14. c3 f5
15. Bd3 Qxe3+ 16. Kh1 Bxd4 17. Re1 Qf4 18. cxd4 Qxd4 19. Qe2 e5 20. Rad1 Be6
21. Bxf5 Qb6 22. Bxe6+ Qxe6 23. Rc1 Nc6 24. a3 Rac8 25. Qb5 Rc7 26. Re4 Rcd7
27. Rce1 Qd5 28. Qe2 Qd2 29. Qc4+ Kg7 30. Qb5 Qd3 31. Qc5 Rd5 32. Qc1 Qd2 33.
Qb1 Rd4 34. R4e2 Qxe2 0-1

[Event "17. Obert Int. Sant Marti 2015 - B"]
[Site "Barcelona ESP"]
[Date "2015.07.17"]
[Round "5.36"]
[White "Nin Serres, Pere"]
[Black "Pera Muntasell, Marc"]
[Result "0-1"]
[WhiteElo "1877"]
[BlackElo "1958"]
[PlyCount "82"]
[EventDate "2015.07.13"]
[EventType "swiss"]
[EventRounds "9"]
[EventCountry "ESP"]
[SourceTitle "Ajedrez en Madrid"]
[Source "lmi"]
[SourceDate "2015.07.13"]
[SourceVersion "1"]
[SourceVersionDate "2019.06.21"]
[SourceQuality "1"]

1. d4 d5 2. Nf3 Nf6 3. Bf4 e6 4. h3 Bd6 5. Bg5 Nbd7 6. e3 h6 7. Bh4 O-O 8. c4
b6 9. Nc3 Be7 10. Bg3 Bb7 11. Bd3 c5 12. O-O Ne4 13. Bxe4 dxe4 14. Ne5 Nf6 15.
f3 a6 16. fxe4 Nxe4 17. Nxe4 Bxe4 18. Rf4 Bb7 19. Qh5 Bf6 20. Rxf6 Qxf6 21. Nd7
Qe7 22. Nxf8 Rxf8 23. Rd1 Rc8 24. dxc5 Rxc5 25. Bd6 Qxd6 26. Rxd6 Rxh5 27. Rd8+
Kh7 28. Rd7 Be4 29. Rd4 Bg6 30. b4 b5 31. c5 Rd5 32. Kf2 Rxd4 33. exd4 Be4 34.
g3 g5 35. Ke3 Bd5 36. Kd2 Kg6 37. Ke3 f5 38. h4 Kh5 39. Kd3 gxh4 40. gxh4 Kxh4
41. Ke3 Kg3 0-1

[Event "17. Obert Int. Sant Marti 2015 - B"]
[Site "Barcelona ESP"]
[Date "2015.07.17"]
[Round "5.37"]
[White "Roche Peris, Eduard"]
[Black "Cort Hidalgo, Jordi"]
[Result "1-0"]
[WhiteElo "1958"]
[BlackElo "1850"]
[PlyCount "35"]
[EventDate "2015.07.13"]
[EventType "swiss"]
[EventRounds "9"]
[EventCountry "ESP"]
[SourceTitle "Ajedrez en Madrid"]
[Source "lmi"]
[SourceDate "2015.07.13"]
[SourceVersion "1"]
[SourceVersionDate "2019.06.21"]
[SourceQuality "1"]

1. d4 Nf6 2. Nf3 g6 3. c4 d5 4. Nc3 Bg7 5. e3 O-O 6. Be2 c5 7. O-O cxd4 8. exd4
Bg4 9. Ne5 Bxe2 10. Qxe2 Nc6 11. Rd1 Rc8 12. Be3 a6 13. Rac1 dxc4 14. Nxc4 Nd5
15. Nxd5 Qxd5 16. Nb6 Qxa2 17. Nxc8 Rxc8 18. d5 1-0

[Event "17. Obert Int. Sant Marti 2015 - B"]
[Site "Barcelona ESP"]
[Date "2015.07.17"]
[Round "5.38"]
[White "Mas Sayos, Lluis"]
[Black "Serra Vilaro, Agusti"]
[Result "0-1"]
[WhiteElo "1863"]
[BlackElo "1953"]
[PlyCount "86"]
[EventDate "2015.07.13"]
[EventType "swiss"]
[EventRounds "9"]
[EventCountry "ESP"]
[SourceTitle "Ajedrez en Madrid"]
[Source "lmi"]
[SourceDate "2015.07.13"]
[SourceVersion "1"]
[SourceVersionDate "2019.06.21"]
[SourceQuality "1"]

1. d4 e6 2. c4 f5 3. Nf3 Nf6 4. Nc3 d5 5. Bg5 c6 6. cxd5 exd5 7. e3 Nbd7 8. Be2
Bd6 9. O-O O-O 10. Rb1 a5 11. a3 Qe8 12. b4 axb4 13. axb4 Ne4 14. Qc1 b5 15.
Nxe4 fxe4 16. Ne5 Nxe5 17. dxe5 Bxe5 18. Qc5 Qg6 19. Bh4 Bd6 20. Qc3 Bd7 21.
Bg3 Ra2 22. Bd1 Bxg3 23. hxg3 h5 24. Ra1 Rxa1 25. Qxa1 h4 26. Qa7 Bc8 27. Qc7
hxg3 28. fxg3 Rxf1+ 29. Kxf1 Qe8 30. Be2 Qd7 31. Qxd7 Bxd7 32. g4 g5 33. Ke1
Kf7 34. Kd2 Ke6 35. Kc3 Ke5 36. Bd1 Be6 37. Be2 d4+ 38. Kd2 Bb3 39. g3 Kd5 40.
exd4 Kxd4 41. Bf1 e3+ 42. Ke1 Bd5 43. Bh3 Bf3 0-1

[Event "17. Obert Int. Sant Marti 2015 - B"]
[Site "Barcelona ESP"]
[Date "2015.07.17"]
[Round "5.39"]
[White "Espadero Roda, Francesc"]
[Black "Gonzalez Alonso, Marti"]
[Result "0-1"]
[WhiteElo "1862"]
[BlackElo "1949"]
[PlyCount "58"]
[EventDate "2015.07.13"]
[EventType "swiss"]
[EventRounds "9"]
[EventCountry "ESP"]
[SourceTitle "Ajedrez en Madrid"]
[Source "lmi"]
[SourceDate "2015.07.13"]
[SourceVersion "1"]
[SourceVersionDate "2019.06.21"]
[SourceQuality "1"]

1. d4 d5 2. c4 e6 3. Nf3 Nc6 4. a3 Bd7 5. Nc3 Nge7 6. Bf4 a6 7. e3 dxc4 8. Bxc4
Ng6 9. Bg3 Bd6 10. Ne4 Bxg3 11. hxg3 Na5 12. Bd3 O-O 13. b4 Nc6 14. Qb3 Nce7
15. Qd1 Nd5 16. Rxh7 Nc3 17. Nxc3 Kxh7 18. Kd2 Rh8 19. Ne5 Kg8 20. Bxg6 fxg6
21. Qf3 Be8 22. Ne4 Rh5 23. Kc3 a5 24. b5 c6 25. Nc5 Qe7 26. g4 Rxe5 27. Nd3
Rxb5 28. a4 Rd5 29. e4 Rdd8 0-1

[Event "17. Obert Int. Sant Marti 2015 - B"]
[Site "Barcelona ESP"]
[Date "2015.07.17"]
[Round "5.40"]
[White "Valbuena Castro, Gregorio"]
[Black "Febrero Perez, Lluis"]
[Result "0-1"]
[WhiteElo "1944"]
[BlackElo "1787"]
[PlyCount "132"]
[EventDate "2015.07.13"]
[EventType "swiss"]
[EventRounds "9"]
[EventCountry "ESP"]
[SourceTitle "Ajedrez en Madrid"]
[Source "lmi"]
[SourceDate "2015.07.13"]
[SourceVersion "1"]
[SourceVersionDate "2019.06.21"]
[SourceQuality "1"]

1. e4 e5 2. d4 exd4 3. Bc4 d6 4. Nf3 Nc6 5. Nxd4 Nxd4 6. Qxd4 Qf6 7. Qd1 Be6 8.
Bb5+ c6 9. Ba4 Qe5 10. Nc3 b5 11. Bb3 Bxb3 12. axb3 b4 13. Ne2 Qxe4 14. O-O Nf6
15. Re1 Be7 16. Ng3 Qd5 17. Bf4 Qxd1 18. Raxd1 Kd7 19. Nf5 Nd5 20. Bg3 Bf6 21.
Nxd6 Bxb2 22. Nxf7 Bc3 23. Re4 Rhe8 24. f3 Re7 25. Ne5+ Ke8 26. Nxc6 Rxe4 27.
fxe4 Ne3 28. Rd6 Nxc2 29. Be5 Bxe5 30. Nxe5 Ke7 31. Ra6 Nd4 32. Kf2 Nxb3 33.
Nc6+ Kd7 34. Nxb4 Nc5 35. Ra5 Nxe4+ 36. Ke3 Nd6 37. Kd4 Nb7 38. Ra6 Nd6 39. Kd5
Nb5 40. Kc5 Nc7 41. Rd6+ Kc8 42. Rc6 Kb7 43. Rd6 a5 44. Na2 a4 45. Rd7 Ra5+ 46.
Kb4 Rg5 47. g3 Rg4+ 48. Ka3 Kc6 49. Rd8 Nb5+ 50. Kb2 Re4 51. Rd2 Nd6 52. Rc2+
Nc4+ 53. Kc3 Kc5 54. Nc1 Ne5 55. Ra2 Rc4+ 56. Kb2 Rb4+ 57. Kc3 Kb5 58. Ne2 Rb3+
59. Kc2 Rb4 60. Kc3 Rc4+ 61. Kd2 Nf3+ 62. Ke3 Ne5 63. Rb2+ Rb4 64. Ra2 Rb3+ 65.
Kd4 Nc6+ 66. Kd5 Nb4+ 0-1

[Event "17. Obert Int. Sant Marti 2015 - B"]
[Site "Barcelona ESP"]
[Date "2015.07.17"]
[Round "5.41"]
[White "Garcia Gil, Jose Antonio"]
[Black "Muratet Carmona, Julia"]
[Result "0-1"]
[WhiteElo "1852"]
[BlackElo "1942"]
[PlyCount "60"]
[EventDate "2015.07.13"]
[EventType "swiss"]
[EventRounds "9"]
[EventCountry "ESP"]
[SourceTitle "Ajedrez en Madrid"]
[Source "lmi"]
[SourceDate "2015.07.13"]
[SourceVersion "1"]
[SourceVersionDate "2019.06.21"]
[SourceQuality "1"]

1. d4 Nf6 2. Bg5 Ne4 3. Bh4 d5 4. f3 Nd6 5. e3 Bf5 6. Bd3 c5 7. c3 cxd4 8. exd4
Nc6 9. Ne2 Qb6 10. b3 g6 11. Bg3 Bxd3 12. Qxd3 Nf5 13. Bf2 Bg7 14. O-O O-O 15.
Na3 Qa5 16. Nc2 e5 17. a3 Rfe8 18. Nb4 e4 19. fxe4 dxe4 20. Qc2 Rac8 21. g4
Ncxd4 22. Nxd4 Nxd4 23. Bxd4 Bxd4+ 24. Kg2 Rxc3 25. Qe2 Rxb3 26. Qc4 Rb2+ 27.
Kh3 Qe5 28. Qxf7+ Kh8 29. Qf4 Qxf4 30. Rxf4 Rb3+ 0-1

[Event "17. Obert Int. Sant Marti 2015 - B"]
[Site "Barcelona ESP"]
[Date "2015.07.17"]
[Round "5.42"]
[White "Padilla Carmona, Francesc"]
[Black "Lopez Abaurrea, Eduard"]
[Result "1-0"]
[WhiteElo "1937"]
[BlackElo "1756"]
[PlyCount "93"]
[EventDate "2015.07.13"]
[EventType "swiss"]
[EventRounds "9"]
[EventCountry "ESP"]
[SourceTitle "Ajedrez en Madrid"]
[Source "lmi"]
[SourceDate "2015.07.13"]
[SourceVersion "1"]
[SourceVersionDate "2019.06.21"]
[SourceQuality "1"]

1. e4 c6 2. d4 d5 3. Nc3 dxe4 4. Nxe4 Bf5 5. Ng3 Bg6 6. Nf3 Nd7 7. h4 h6 8. h5
Bh7 9. Bd3 Bxd3 10. Qxd3 e6 11. Bd2 Ngf6 12. O-O-O c5 13. Kb1 Be7 14. Bf4 Nd5
15. Bd2 Rc8 16. c4 Nb4 17. Bxb4 cxb4 18. d5 exd5 19. Qxd5 Rc5 20. Qxb7 Rc7 21.
Qe4 O-O 22. Rhe1 Bf6 23. Nf5 Qc8 24. Ne7+ Bxe7 25. Qxe7 Nf6 26. Qxb4 Rxc4 27.
Qb3 Qf5+ 28. Qd3 Qb5 29. Ne5 Rb4 30. Qxb5 Rxb5 31. Nd7 Nxd7 32. Rxd7 a5 33. g4
Rb6 34. Ra7 Rfb8 35. b3 Rf6 36. Re2 Rf4 37. Rxa5 Rxg4 38. Rf5 Kf8 39. Kb2 Rb7
40. a4 Rgb4 41. Rb5 R4xb5 42. axb5 Rxb5 43. Kc3 Rb6 44. b4 Re6 45. Rxe6 fxe6
46. b5 Ke8 47. Kd4 1-0

[Event "17. Obert Int. Sant Marti 2015 - B"]
[Site "Barcelona ESP"]
[Date "2015.07.17"]
[Round "5.43"]
[White "Ani, Virgil"]
[Black "Poyato Duran, David"]
[Result "0-1"]
[WhiteElo "1826"]
[BlackElo "1931"]
[PlyCount "94"]
[EventDate "2015.07.13"]
[EventType "swiss"]
[EventRounds "9"]
[EventCountry "ESP"]
[SourceTitle "Ajedrez en Madrid"]
[Source "lmi"]
[SourceDate "2015.07.13"]
[SourceVersion "1"]
[SourceVersionDate "2019.06.21"]
[SourceQuality "1"]

1. Nf3 d5 2. c4 e6 3. d4 c5 4. e3 Nf6 5. Nc3 Nc6 6. cxd5 exd5 7. g3 Bg4 8. Bg2
cxd4 9. exd4 Bb4 10. O-O O-O 11. Bg5 Bxc3 12. bxc3 h6 13. Be3 Rc8 14. Qa4 Qd7
15. Rab1 Bxf3 16. Bxf3 Ne5 17. Qxd7 Nxf3+ 18. Kg2 Nxd7 19. Kxf3 b6 20. Rb3 Rc6
21. Ke2 Rfc8 22. Rc1 a6 23. a4 Rc4 24. Ra3 Nf6 25. f3 Ne8 26. Kd3 Nd6 27. g4
R4c6 28. Bd2 b5 29. axb5 Nxb5 30. Rb3 Nd6 31. Bf4 Nc4 32. Rcb1 a5 33. Rb8 a4
34. Rxc8+ Rxc8 35. Bc1 Re8 36. Bd2 a3 37. Ra1 Nb2+ 38. Kc2 Re2 39. Rxa3 Rxd2+
40. Kxd2 Nc4+ 41. Kc2 Nxa3+ 42. Kb3 Nc4 43. Kb4 Kf8 44. Kc5 Ne3 45. Kd6 Ke8 46.
Ke5 Ke7 47. h4 f6+ 0-1

[Event "17. Obert Int. Sant Marti 2015 - B"]
[Site "Barcelona ESP"]
[Date "2015.07.17"]
[Round "5.45"]
[White "Khudov, Oleksandr"]
[Black "Arce, Sebastian"]
[Result "0-1"]
[WhiteElo "1528"]
[BlackElo "1914"]
[PlyCount "72"]
[EventDate "2015.07.13"]
[EventType "swiss"]
[EventRounds "9"]
[EventCountry "ESP"]
[SourceTitle "Ajedrez en Madrid"]
[Source "lmi"]
[SourceDate "2015.07.13"]
[SourceVersion "1"]
[SourceVersionDate "2019.06.21"]
[SourceQuality "1"]

1. c4 e5 2. Nc3 Nf6 3. g3 c5 4. Bg2 Nc6 5. Nf3 d6 6. d3 Be7 7. O-O O-O 8. a3 h6
9. Rb1 Nh7 10. b4 Ng5 11. bxc5 dxc5 12. Nd5 Nh3+ 13. Kh1 Bd6 14. Nd2 Ng5 15.
Ne4 Nxe4 16. Bxe4 Be6 17. Rxb7 f5 18. Bg2 Rb8 19. Rxb8 Qxb8 20. Nf6+ Rxf6 21.
Bxc6 e4 22. dxe4 Bxc4 23. Bd5+ Bxd5 24. Qxd5+ Kf8 25. exf5 Qb5 26. Qa8+ Bb8 27.
Bf4 Rb6 28. Bxb8 Rxb8 29. Qxa7 Re8 30. Re1 Qc6+ 31. Kg1 Ra8 32. Qxa8+ Qxa8 33.
Ra1 Qa4 34. e3 Ke7 35. h4 c4 36. Rc1 Qb3 0-1